Bude dopravná politika súčasťou informačnej spoločnosti v rámci integrácie SR do EÚ?

Základné faktory dopravnej politiky SR z hľadiska integrácie do EÚ. Rámec integrovanej dopravnej politiky SR. Regionálny dopravný plán v podmienkach SR. Spolupráca verejného a súkromného sektora. Verejná hromadná doprava. Intermodalita a nákladná preprava. Informačné technológie v doprave.

Na minha lista:
Detalhes bibliográficos
Autor principal: Schlosser, Tibor
Formato: Capítulo de Livro
Idioma:eslovaco
Assuntos:
Tags: Adicionar Tag
Sem tags, seja o primeiro a adicionar uma tag!

MARC

LEADER 00000naa a2200000 4500
001 r043573
005 20230825084627.9
041 0 |a slo 
044 |a SK 
245 1 0 |a Bude dopravná politika súčasťou informačnej spoločnosti v rámci integrácie SR do EÚ?  |c Tibor Schlosser 
520 |a Základné faktory dopravnej politiky SR z hľadiska integrácie do EÚ. Rámec integrovanej dopravnej politiky SR. Regionálny dopravný plán v podmienkach SR. Spolupráca verejného a súkromného sektora. Verejná hromadná doprava. Intermodalita a nákladná preprava. Informačné technológie v doprave. 
610 2 0 |a politika dopravná 
610 2 0 |a doprava 
610 2 0 |a doprava hromadná 
610 2 0 |a doprava nákladná 
610 2 0 |a doprava verejná 
610 2 0 |a cestujúci 
610 2 0 |a technológie informačné 
610 2 0 |a sektor súkromný 
610 2 0 |a sektor verejný 
610 2 0 |a Slovensko 
610 2 0 |a Európska únia 
100 1 |a Schlosser, Tibor